000 00525nam a2200193Ia 4500
003 OSt
005 20220926041302.0
006 a|||||r|||| 00| 0
007 ta
008 220923b |||||||| |||| 00| 0 eng d
037 _cGeneral Book
040 _aRTL
_cRTL
_beng
041 _2eng
_aeng
082 _aY:1:6.4, K3
100 _aGeertz Clifford Ed.
245 0 _aOld societies and new states
_b The quest for modern
942 _hY:1:6.4, K3
_cGB
_2CC
999 _c666753
_d666753